[Event "GRE-chT 50th"]
[Site "Nikaia"]
[Date "2023.08.26"]
[Round "3.8"]
[White "Gkavardinas, Antonios"]
[Black "Trapalis, Theodoros"]
[Result "1-0"]
[WhiteElo "2162"]
[BlackElo "1751"]
[PlyCount "104"]
[EventDate "2023.08.25"]
[EventType "team"]
[EventRounds "9"]
[EventCountry "GRE"]
[SourceTitle "EXT 2024"]
[Source "ChessBase"]
[SourceDate "2023.10.10"]
[SourceVersion "1"]
[SourceVersionDate "2023.10.10"]
[SourceQuality "1"]
[WhiteTeam "Evoiki ES"]
[BlackTeam "Piraikos"]
[WhiteTeamCountry "GRE"]
[BlackTeamCountry "GRE"]

1. e4 c5 2. Nf3 Nc6 3. Bb5 g6 4. Bxc6 dxc6 5. d3 Bg7 6. h3 Qc7 7. Nc3 e5 8. Be3 b6 9. 0-0 Ne7 10. Qd2 h6 11. a3 f5 12. exf5 gxf5 13. Qe2 0-0 14. Rfe1 Ng6 15. Bd2 Ba6 16. Nh2 e4 17. Qh5 Nf4 18. Bxf4 Qxf4 19. dxe4 fxe4 20. Nxe4 Bxb2 21. Rad1 Bg7 22. Qg6 Qf7 23. Qd6 Bc8 24. Qxc6 Bb7 25. Qd6 Bxe4 26. Rxe4 Qxf2+ 27. Kh1 Rae8 28. Nf3 Rxe4 29. Qd5+ Re6 30. Qxe6+ Kh8 31. Qe4 Kg8 32. Kh2 Rf6 33. Qd3 Rf8 34. Rd2 Rxf3 35. Qd5+ Kh8 36. Rxf2 Rxf2 37. Qa8+ Rf8 38. Qxa7 Rf6 39. Qa8+ Rf8 40. Qe4 Rf6 41. g4 Rf8 42. Kg3 Rf1 43. Kh4 Rf8 44. Kh5 Rf6 45. h4 Kg8 46. g5 hxg5 47. hxg5 Rd6 48. Qe8+ Bf8 49. g6 Rd5+ 50. Kg4 Rd4+ 51. Kf5 Rd5+ 52. Ke4 Rd4+ 1-0

[Event "GRE-chT 49th"]
[Site "Thessaloniki"]
[Date "2022.08.14"]
[Round "4.2"]
[White "Chatzieleftheriou, Andreas"]
[Black "Trapalis, Theodoros"]
[Result "1-0"]
[WhiteElo "2131"]
[BlackElo "1811"]
[PlyCount "103"]
[EventDate "2022.08.12"]
[EventType "team-swiss"]
[EventRounds "7"]
[EventCountry "GRE"]
[SourceTitle "CBM 209 Extra"]
[Source "ChessBase"]
[SourceDate "2022.09.30"]
[SourceVersion "1"]
[SourceVersionDate "2022.09.30"]
[SourceQuality "1"]
[WhiteTeam "Eaao Fysiolatris Nikias"]
[BlackTeam "Piraikos"]
[WhiteTeamCountry "GRE"]
[BlackTeamCountry "GRE"]

1. e4 c5 2. Nf3 Nc6 3. Bb5 g6 4. 0-0 Bg7 5. c3 e5 6. d4 cxd4 7. cxd4 exd4 8. Bf4 a6 9. Ba4 Nge7 10. Bd6 b5 11. Bb3 Bb7 12. Bxf7+ Kxf7 13. Ng5+ Ke8 14. Qb3 Rf8 15. Nxh7 Qb6 16. Nxf8 Bxf8 17. Qg3 Nd8 18. Nd2 Nf7 19. Bc7 Qe6 20. Nb3 Bxe4 21. Rfe1 Qd5 22. Qg4 Bf5 23. Qxd4 Qxd4 24. Nxd4 Bg7 25. Nxf5 gxf5 26. Re2 Rc8 27. Rae1 Bf6 28. Ba5 Kf8 29. Bb4 Re8 30. f4 Nd8 31. Rd1 Ndc6 32. Bc5 Rd8 33. Bxe7+ Nxe7 34. Rd6 Kf7 35. Rxa6 d5 36. g3 d4 37. Ree6 Bg7 38. Red6 Rc8 39. b4 Rc2 40. h4 Rd2 41. h5 d3 42. Ra3 Rd1+ 43. Kg2 d2 44. Rad3 Rb1 45. Rxd2 Rxb4 46. h6 Bc3 47. Re2 Rd4 48. Rb6 Rd5 49. Kh3 Ng6 50. Rb7+ Kg8 51. Re8+ Nf8 52. h7+ 1-0

[Event "GRE-chT 48th"]
[Site "Athens"]
[Date "2021.09.08"]
[Round "3.2"]
[White "Stefanou, Konstantinos"]
[Black "Trapalis, Theodoros"]
[Result "1-0"]
[WhiteElo "2042"]
[BlackElo "1798"]
[PlyCount "79"]
[EventDate "2021.09.07"]
[EventType "team-swiss"]
[EventRounds "7"]
[EventCountry "GRE"]
[SourceTitle "CBM 204 Extra"]
[Source "ChessBase"]
[SourceDate "2021.11.30"]
[SourceVersion "1"]
[SourceVersionDate "2021.11.30"]
[SourceQuality "1"]
[WhiteTeam "Irakleiou"]
[BlackTeam "Piraikos"]
[WhiteTeamCountry "GRE"]
[BlackTeamCountry "GRE"]

1. d4 Nf6 2. c4 c5 3. d5 b5 4. cxb5 a6 5. e3 axb5 6. Bxb5 Ba6 7. Bxa6 Nxa6 8. Nc3 d6 9. Nf3 g6 10. 0-0 Bg7 11. e4 0-0 12. e5 dxe5 13. Nxe5 Nb4 14. Nc6 Nxc6 15. dxc6 Qxd1 16. Rxd1 Rfc8 17. Be3 Rxc6 18. h3 e6 19. Rac1 h5 20. b3 Bf8 21. Bg5 Be7 22. Na4 Kg7 23. Rc4 Bf8 24. Bxf6+ Kxf6 25. Rd7 e5 26. Nc3 Ke6 27. Rb7 Rac8 28. Nb5 f5 29. Na7 R6c7 30. Rb6+ Bd6 31. Nxc8 Rxc8 32. a4 Kd7 33. a5 g5 34. a6 Ra8 35. Ra4 Kc7 36. Rb7+ Kc6 37. Rh7 h4 38. Rg7 g4 39. hxg4 fxg4 40. Rgxg4 1-0

[Event "GRE-ch U20"]
[Site "Trikala"]
[Date "2021.08.28"]
[Round "8"]
[White "Pelantakis, Mihail"]
[Black "Trapalis, Theodoros"]
[Result "1/2-1/2"]
[WhiteElo "1939"]
[BlackElo "1700"]
[PlyCount "121"]
[EventDate "2021.08.23"]
[EventType "swiss"]
[EventRounds "9"]
[EventCountry "GRE"]
[SourceTitle "EXT 2022"]
[Source "ChessBase"]
[SourceDate "2021.10.06"]
[SourceVersion "1"]
[SourceVersionDate "2021.10.06"]
[SourceQuality "1"]

1. e4 e6 2. d4 d5 3. Bd3 dxe4 4. Bxe4 Nf6 5. Bf3 c5 6. Ne2 Nc6 7. Be3 Qb6 8. Nbc3 cxd4 9. Nxd4 Nxd4 10. Qxd4 Qxd4 11. Bxd4 Bd7 12. 0-0-0 Bc6 13. Bxc6+ bxc6 14. Bxf6 gxf6 15. Ne4 Bh6+ 16. Kb1 Ke7 17. Rd3 Rad8 18. Rhd1 Rxd3 19. Rxd3 f5 20. Nc5 Rd8 21. Rxd8 Kxd8 22. Nd3 Kc7 23. c4 Kd6 24. Kc2 e5 25. b4 e4 26. Nc5 Bf4 27. g3 Bg5 28. Nb7+ Kc7 29. Na5 Bf6 30. Nb3 Kd6 31. Kd2 Bg5+ 32. Ke2 f4 33. g4 f3+ 34. Ke1 Ke5 35. Na5 Kd6 36. Nb7+ Ke5 37. c5 Kd5 38. Nd6 Bf4 39. Nc8 Bxh2 40. Nxa7 f5 41. gxf5 Be5 42. Nc8 Bc3+ 43. Kf1 Bxb4 44. f6 Bxc5 45. Ne7+ Kd6 46. Nf5+ Ke5 47. Ne7 Kd6 48. a4 Bb4 49. Nf5+ Ke5 50. Ne7 Kxf6 51. Nxc6 Bc5 52. a5 e3 53. fxe3 Bxe3 54. a6 Kf5 55. Ne7+ Kg4 56. Nc6 h5 57. a7 Bxa7 58. Nxa7 Kg3 59. Nc6 h4 60. Ne5 f2 61. Nd3 1/2-1/2

[Event "GRE-ch South U14"]
[Site "Athens"]
[Date "2020.08.31"]
[Round "5"]
[White "Trapalis, Theodoros"]
[Black "Asvestas, Emmanouil"]
[Result "1-0"]
[WhiteElo "1568"]
[BlackElo "1579"]
[PlyCount "75"]
[EventDate "2020.08.28"]
[EventType "swiss"]
[EventRounds "9"]
[EventCountry "GRE"]
[SourceTitle "EXT 2023"]
[Source "ChessBase"]
[SourceDate "2022.10.05"]
[SourceVersion "1"]
[SourceVersionDate "2022.10.05"]
[SourceQuality "1"]

1. d4 d5 2. c4 e6 3. Nf3 Nf6 4. g3 Be7 5. Bg2 0-0 6. 0-0 b6 7. Nc3 c6 8. b3 Nbd7 9. Qc2 Ba6 10. Nd2 b5 11. Bb2 Rc8 12. e4 bxc4 13. bxc4 dxc4 14. Rfd1 c5 15. d5 exd5 16. exd5 Nb6 17. Nde4 Nfxd5 18. Nxd5 Nxd5 19. Rxd5 Qc7 20. Qc3 f6 21. Bh3 Qc6 22. Bxc8 Bxc8 23. Qxc4 Be6 24. Rad1 Rb8 25. Ba3 Rb1 26. Rxb1 Bxd5 27. Qe2 Bxe4 28. Re1 f5 29. f3 Qa4 30. fxe4 Qxa3 31. exf5 Bf8 32. Qe6+ Kh8 33. Qc8 Kg8 34. Qe6+ Kh8 35. f6 g6 36. Qe5 Kg8 37. Rf1 Kf7 38. Qd5+ 1-0

[Event "GRE-chT 46th"]
[Site "Rio Achaia"]
[Date "2018.07.11"]
[Round "2.5"]
[White "Magklaras, Panagiotis"]
[Black "Trapalis, Theodoros"]
[Result "0-1"]
[WhiteElo "1131"]
[BlackElo "1386"]
[PlyCount "182"]
[EventDate "2018.07.10"]
[EventType "team"]
[EventRounds "7"]
[EventCountry "GRE"]
[SourceTitle "CBM 185 Extra"]
[Source "ChessBase"]
[SourceDate "2018.07.29"]
[SourceVersion "1"]
[SourceVersionDate "2018.07.29"]
[SourceQuality "1"]
[WhiteTeam "Heraklion"]
[BlackTeam "Piraikos"]
[WhiteTeamCountry "GRE"]
[BlackTeamCountry "GRE"]

1. e4 e6 2. d4 d5 3. Nc3 Nf6 4. Bg5 Be7 5. e5 Nfd7 6. h4 h6 7. Bxe7 Qxe7 8. Qg4 0-0 9. a3 f6 10. f4 a6 11. Bd3 c5 12. Qg6 f5 13. Nf3 Qf7 14. Qg3 Nc6 15. Qf2 c4 16. Be2 b5 17. b3 Bb7 18. 0-0 Rac8 19. Rfc1 Ne7 20. b4 Nc6 21. a4 bxa4 22. b5 Na7 23. bxa6 Bxa6 24. Rxa4 Rc6 25. Rca1 Nb8 26. Nd1 Nb5 27. c3 Rfc8 28. Rb4 Rb6 29. Nb2 Rb7 30. Qe1 Qe7 31. Kh1 Rc6 32. Bd1 Qd8 33. Ba4 Rcb6 34. Bxb5 Rxb5 35. Rxb5 Rxb5 36. Na4 Nd7 37. Qc1 Ra5 38. Nb2 Bb5 39. Rxa5 Qxa5 40. Nd1 Nb6 41. Qb2 Ba4 42. Qa3 Qb5 43. Nb2 Qb3 44. Qxb3 Bxb3 45. Kh2 Na8 46. Ng1 Nc7 47. Ne2 Nb5 48. Kg1 Bc2 49. Kf2 Kf7 50. h5 g6 51. hxg6+ Kxg6 52. Kf3 Kh5 53. g3 Na3 54. Nc1 Nb1 55. Ne2 Nd2+ 56. Ke3 Ne4 57. Kf3 Nd2+ 58. Ke3 Nb1 59. Kf3 Be4+ 60. Ke3 Kg4 61. Kf2 Bf3 62. Ng1 Be4 63. Ne2 h5 64. Nd1 Kh3 65. Ng1+ Kh2 66. Ne2 Nd2 67. Ne3 Bd3 68. Nc1 Ne4+ 69. Kf3 Nxg3 70. Nxd3 cxd3 71. c4 Ne2 72. cxd5 Nxd4+ 73. Kf2 exd5 74. Nxd5 d2 75. Ne3 h4 76. Nf1+ Kh3 77. Nxd2 Kg4 78. Nf3 Nxf3 79. e6 Nd2 80. e7 Ne4+ 81. Kg2 Nf6 82. Kh2 Kxf4 83. Kh3 Kg5 84. Kg2 f4 85. Kh3 f3 86. Kh2 Kg4 87. Kg1 h3 88. Kh2 f2 89. e8Q Nxe8 90. Kh1 f1Q+ 91. Kh2 Qg2# 0-1

[Event "GRE-chT 46th"]
[Site "Rio Achaia"]
[Date "2018.07.11"]
[Round "3.6"]
[White "Trapalis, Theodoros"]
[Black "Vlachos, Georgios"]
[Result "1-0"]
[WhiteElo "1386"]
[BlackElo "1334"]
[PlyCount "81"]
[EventDate "2018.07.10"]
[EventType "team"]
[EventRounds "7"]
[EventCountry "GRE"]
[SourceTitle "CBM 185 Extra"]
[Source "ChessBase"]
[SourceDate "2018.07.29"]
[SourceVersion "1"]
[SourceVersionDate "2018.07.29"]
[SourceQuality "1"]
[WhiteTeam "Piraikos"]
[BlackTeam "Sea of Corinth Argonaut"]
[WhiteTeamCountry "GRE"]
[BlackTeamCountry "GRE"]

1. d4 d5 2. c4 e6 3. Nf3 Nf6 4. e3 Be7 5. Nc3 0-0 6. Bd3 b6 7. 0-0 Bb7 8. b3 Nbd7 9. Bb2 c5 10. cxd5 Nxd5 11. Nxd5 Bxd5 12. Rc1 Rc8 13. Qe2 Re8 14. Rfd1 cxd4 15. Nxd4 Nc5 16. Bb5 Rf8 17. Nc6 Qc7 18. Qg4 f6 19. Nxe7+ Qxe7 20. b4 Ne4 21. Rxc8 Rxc8 22. Rxd5 Nxf2 23. Rd7 Nxg4 24. Rxe7 Kf8 25. Rxe6 Rc2 26. Bd4 Kf7 27. Re4 f5 28. Rf4 Ke6 29. Rxf5 Rxa2 30. Bc4+ Kxf5 31. Bxa2 g6 32. b5 Ke4 33. Bb1+ Kd5 34. Bd3 g5 35. h3 Nh6 36. Bg7 Nf7 37. Bxh7 Kc5 38. Bg6 Nd8 39. Bf6 Nb7 40. Bd3 Nd6 41. Be7 1-0

[Event "GRE-chT U16 9th"]
[Site "Thessaloniki"]
[Date "2016.12.16"]
[Round "2.4"]
[White "Trapalis, Theodoros"]
[Black "Stamatiou, Rodolfos"]
[Result "0-1"]
[WhiteElo "1406"]
[BlackElo "1567"]
[PlyCount "130"]
[EventDate "2016.12.15"]
[EventType "team-swiss"]
[EventRounds "6"]
[EventCountry "GRE"]
[SourceTitle "CBM 176 Extra"]
[Source "ChessBase"]
[SourceDate "2017.03.02"]
[SourceVersion "1"]
[SourceVersionDate "2017.03.02"]
[SourceQuality "1"]
[WhiteTeam "Peiraikos"]
[BlackTeam "Nikaia Fysiolatris"]
[WhiteTeamCountry "GRE"]
[BlackTeamCountry "GRE"]

1. e4 c5 2. c3 Nf6 3. e5 Nd5 4. d4 cxd4 5. cxd4 d6 6. Bc4 Nb6 7. Bb3 dxe5 8. dxe5 Qxd1+ 9. Kxd1 Nc6 10. Bf4 Bf5 11. Nf3 0-0-0+ 12. Nbd2 e6 13. Rc1 Kb8 14. a3 h6 15. Ke1 Be7 16. Bc2 Bxc2 17. Rxc2 g5 18. Bg3 g4 19. Nh4 Nd4 20. Rc1 Bg5 21. Rd1 Nc2+ 22. Ke2 Nd5 23. h3 gxh3 24. Rxh3 Nd4+ 25. Ke1 Bf4 26. Ndf3 Nc6 27. Bxf4 Nxf4 28. Rg3 Nd3+ 29. Ke2 Ndxe5 30. Nxe5 Nxe5 31. b3 Rxd1 32. Kxd1 Rd8+ 33. Kc2 Rd7 34. Rg8+ Kc7 35. Rh8 Kc6 36. Rxh6 Ng4 37. Rh5 Nxf2 38. Ra5 b6 39. Ra4 Nd3 40. Nf3 Kb7 41. g3 Nc5 42. Rf4 Nd3 43. Rf6 Kc7 44. g4 Kd8 45. g5 Ke7 46. Rh6 Kf8 47. Kc3 Kg7 48. Rf6 Nc5 49. Nd2 Rxd2 50. Kxd2 Ne4+ 51. Ke3 Nxf6 52. gxf6+ Kxf6 53. Ke4 Ke7 54. Kd4 Kd6 55. Ke4 Kc5 56. Ke5 b5 57. Kf6 a5 58. Ke5 a4 59. bxa4 bxa4 60. Kf6 Kc4 61. Kxf7 e5 62. Ke6 e4 63. Ke5 e3 64. Ke4 e2 65. Kf3 e1Q 0-1

[Event "GRE-chT U16 9th"]
[Site "Thessaloniki"]
[Date "2016.12.15"]
[Round "1.4"]
[White "Trapalis, Theodoros"]
[Black "Mylonas, Christos"]
[Result "1-0"]
[WhiteElo "1406"]
[BlackElo "1022"]
[PlyCount "67"]
[EventDate "2016.12.15"]
[EventType "team-swiss"]
[EventRounds "6"]
[EventCountry "GRE"]
[SourceTitle "CBM 176 Extra"]
[Source "ChessBase"]
[SourceDate "2017.03.02"]
[SourceVersion "1"]
[SourceVersionDate "2017.03.02"]
[SourceQuality "1"]
[WhiteTeam "Peiraikos"]
[BlackTeam "Ptolemaida Ptolemaios"]
[WhiteTeamCountry "GRE"]
[BlackTeamCountry "GRE"]

1. e4 e6 2. d4 d5 3. Nc3 Nf6 4. e5 Nfd7 5. Nce2 c5 6. c3 Be7 7. Nf3 0-0 8. Be3 Nc6 9. g3 b6 10. Qa4 Bb7 11. Bg2 Ncb8 12. 0-0 Ba6 13. Rfe1 h6 14. Qc2 Nc6 15. Rab1 cxd4 16. cxd4 Nb4 17. Qa4 Bd3 18. Rbc1 Rc8 19. Rxc8 Qxc8 20. Rc1 Qb8 21. Qxd7 Re8 22. Nf4 Bc4 23. b3 Ba6 24. Ne1 Bb7 25. Rc7 Ba8 26. Rxa7 Nc6 27. Nxe6 fxe6 28. Qxe6+ Kf8 29. Qf5+ Kg8 30. Bxd5+ Kh8 31. Be4 Kg8 32. e6 Nxa7 33. Qh7+ Kf8 34. Qh8# 1-0